<?xml version="1.0" encoding="UTF-8"?>
<record
    xmlns:xsi="http://www.w3.org/2001/XMLSchema-instance"
    xsi:schemaLocation="http://www.loc.gov/MARC21/slim http://www.loc.gov/standards/marcxml/schema/MARC21slim.xsd"
    xmlns="http://www.loc.gov/MARC21/slim">

  <leader>03169nam a22003137a 4500</leader>
  <controlfield tag="005">20230926172147.0</controlfield>
  <controlfield tag="008">230926b           ||||| |||| 00| 0 eng d</controlfield>
  <datafield tag="020" ind1=" " ind2=" ">
    <subfield code="a">9789383074761</subfield>
  </datafield>
  <datafield tag="040" ind1=" " ind2=" ">
    <subfield code="c">AL</subfield>
  </datafield>
  <datafield tag="041" ind1=" " ind2=" ">
    <subfield code="a">eng</subfield>
  </datafield>
  <datafield tag="082" ind1=" " ind2=" ">
    <subfield code="2">23</subfield>
    <subfield code="a">362.8</subfield>
    <subfield code="b">IRUD</subfield>
  </datafield>
  <datafield tag="100" ind1=" " ind2=" ">
    <subfield code="a">Aloysius Irudayam and others</subfield>
    <subfield code="9">135259</subfield>
  </datafield>
  <datafield tag="245" ind1=" " ind2=" ">
    <subfield code="a">Dalit Women Speak Out:</subfield>
    <subfield code="b">Caste Class and Gender Violence in India</subfield>
  </datafield>
  <datafield tag="260" ind1=" " ind2=" ">
    <subfield code="a">New Delhi</subfield>
    <subfield code="b">Zubaan</subfield>
    <subfield code="c">2014</subfield>
  </datafield>
  <datafield tag="300" ind1=" " ind2=" ">
    <subfield code="a">xx,445p.</subfield>
    <subfield code="b">PB</subfield>
    <subfield code="c">21x14cm.</subfield>
  </datafield>
  <datafield tag="365" ind1=" " ind2=" ">
    <subfield code="2">Journalism</subfield>
    <subfield code="a">4768</subfield>
    <subfield code="b">4230.00</subfield>
    <subfield code="c">&#x20B9;</subfield>
    <subfield code="d">4700.00</subfield>
    <subfield code="e">20%</subfield>
    <subfield code="f">23-09-2023</subfield>
  </datafield>
  <datafield tag="520" ind1=" " ind2=" ">
    <subfield code="a">The right to equality regardless of gender or caste is fundamental in India. Yet even the Indian government has acknowledged that the institutional forces arrayed against this right are powerful - and, what's more, that they shape people's mindsets in a way that encourages them to accept pervasive gender and caste inequality. This is nowhere more apparent than within the cast-segregated localities where Dalit women live. This volume presents an analytical overview of the complexities of the systemic violence that Dalit women face, through analysis of five hundred narratives by Dalit women from four states. The book joins analysis to excerpts of these narratives, which are then used to illustrate wider trends and patterns, with the goal of bringing attention, and understanding, to the plight of these women.
This study presents an analytical overview of the complexities of systemic violence that Dalit women face through analysis of 500 Dalit women's narratives across four states. Excerpts of these narratives are utilized to illustrate the wider trends and patterns of different manifestations of violence against Dalit women.
About the Author:
Aloysius Irudayam S. J. is program director of the Research, Advocacy, and Human Rights Education Department at the Institute of Development Education, Action and Studies in Tamil Nadu. Jayshree P. Mangubhai is currently a senior program officer with Christian Aid in India. Joel G. Lee was a researcher at the Indian Institute of Dalit Studies and is now a graduate student at Columbia University


</subfield>
  </datafield>
  <datafield tag="521" ind1=" " ind2=" ">
    <subfield code="a">TABLE OF CONTENTS
 Acknowledgements Abbreviations A Note from the Authors Introduction 1. Conceptual Framework 2. Profile of Dalit Women 3. The Social Context 4. Forms and Frequency of Violence: An Overview 5. Verbal Abuse 6. Physical Assault 7. Sexual Violence 8. Kidnapping, Abduction and Forced Incarceration 9. Medical Negligence 10. Female Foeticide and Infanticide, Child Abuse and Domestic Violence 11. Causal Factors for Violence 12. Dalit Women&#x2019;s Courage and Resilience 13. Effects of Violence on Dalit Women 14. Responses to Violence against Dalit Women 15. Concluding Observations Bibliography Glossary</subfield>
  </datafield>
  <datafield tag="650" ind1=" " ind2=" ">
    <subfield code="a">Verbal Abuse</subfield>
    <subfield code="9">135141</subfield>
  </datafield>
  <datafield tag="650" ind1=" " ind2=" ">
    <subfield code="a">Dalit Women Violence against India</subfield>
    <subfield code="9">135255</subfield>
  </datafield>
  <datafield tag="650" ind1=" " ind2=" ">
    <subfield code="a"> Women's Studies</subfield>
    <subfield code="9">135253</subfield>
  </datafield>
  <datafield tag="650" ind1=" " ind2=" ">
    <subfield code="a">Physical Assault</subfield>
    <subfield code="9">135142</subfield>
  </datafield>
  <datafield tag="650" ind1=" " ind2=" ">
    <subfield code="a">Sexual Violence againt Dalit women</subfield>
    <subfield code="9">135144</subfield>
  </datafield>
  <datafield tag="650" ind1=" " ind2=" ">
    <subfield code="a"> Social Welfare</subfield>
    <subfield code="9">135258</subfield>
  </datafield>
  <datafield tag="700" ind1=" " ind2=" ">
    <subfield code="a">IRUDAYAM (Aloysius)</subfield>
    <subfield code="9">135145</subfield>
  </datafield>
  <datafield tag="700" ind1=" " ind2=" ">
    <subfield code="a">MANGUBHAI (Jayshree P)</subfield>
    <subfield code="9">135146</subfield>
  </datafield>
  <datafield tag="700" ind1=" " ind2=" ">
    <subfield code="a">LEE (Joel G)</subfield>
    <subfield code="9">135147</subfield>
  </datafield>
  <datafield tag="942" ind1=" " ind2=" ">
    <subfield code="2">ddc</subfield>
    <subfield code="c">BK</subfield>
  </datafield>
  <datafield tag="999" ind1=" " ind2=" ">
    <subfield code="c">228896</subfield>
    <subfield code="d">228896</subfield>
  </datafield>
  <datafield tag="952" ind1=" " ind2=" ">
    <subfield code="0">0</subfield>
    <subfield code="1">0</subfield>
    <subfield code="2">ddc</subfield>
    <subfield code="4">0</subfield>
    <subfield code="7">0</subfield>
    <subfield code="8">JR</subfield>
    <subfield code="a">AL</subfield>
    <subfield code="b">AL</subfield>
    <subfield code="d">2023-09-26</subfield>
    <subfield code="e">Biblios Book Point Surathkal Mangalore 575014</subfield>
    <subfield code="g">4230.00</subfield>
    <subfield code="l">8</subfield>
    <subfield code="m">2</subfield>
    <subfield code="o">362.8 IRUD</subfield>
    <subfield code="p">076827</subfield>
    <subfield code="r">2026-03-13 15:46:22</subfield>
    <subfield code="s">2026-03-04</subfield>
    <subfield code="v">4700.00</subfield>
    <subfield code="w">2023-09-26</subfield>
    <subfield code="y">BK</subfield>
  </datafield>
</record>
